<?xml version="1.0" encoding="UTF-8"?><?xml-stylesheet type="text/xsl" href="static/style.xsl"?><OAI-PMH xmlns="http://www.openarchives.org/OAI/2.0/" xmlns:xsi="http://www.w3.org/2001/XMLSchema-instance" xsi:schemaLocation="http://www.openarchives.org/OAI/2.0/ http://www.openarchives.org/OAI/2.0/OAI-PMH.xsd"><responseDate>2026-04-14T02:11:39Z</responseDate><request verb="GetRecord" identifier="oai:www.recercat.cat:2072/487245" metadataPrefix="marc">https://recercat.cat/oai/request</request><GetRecord><record><header><identifier>oai:recercat.cat:2072/487245</identifier><datestamp>2025-10-10T08:00:18Z</datestamp><setSpec>com_2072_98</setSpec><setSpec>col_2072_378192</setSpec></header><metadata><record xmlns="http://www.loc.gov/MARC21/slim" xmlns:dcterms="http://purl.org/dc/terms/" xmlns:xsi="http://www.w3.org/2001/XMLSchema-instance" xmlns:doc="http://www.lyncode.com/xoai" xsi:schemaLocation="http://www.loc.gov/MARC21/slim http://www.loc.gov/standards/marcxml/schema/MARC21slim.xsd">
   <leader>00925njm 22002777a 4500</leader>
   <datafield ind2=" " ind1=" " tag="042">
      <subfield code="a">dc</subfield>
   </datafield>
   <datafield ind2=" " ind1=" " tag="720">
      <subfield code="a">Camprubí-Rimblas, Marta</subfield>
      <subfield code="e">author</subfield>
   </datafield>
   <datafield ind2=" " ind1=" " tag="720">
      <subfield code="a">Tantinyà, Neus</subfield>
      <subfield code="e">author</subfield>
   </datafield>
   <datafield ind2=" " ind1=" " tag="720">
      <subfield code="a">Artigas Raventós, Antoni</subfield>
      <subfield code="e">author</subfield>
   </datafield>
   <datafield ind2=" " ind1=" " tag="720">
      <subfield code="a">Guillamat-Prats, Raquel</subfield>
      <subfield code="e">author</subfield>
   </datafield>
   <datafield ind2=" " ind1=" " tag="720">
      <subfield code="a">Universitat Autònoma de Barcelona</subfield>
      <subfield code="e">author</subfield>
   </datafield>
   <datafield ind2=" " ind1=" " tag="260">
      <subfield code="c">2025</subfield>
   </datafield>
   <datafield ind2=" " ind1=" " tag="520">
      <subfield code="a">New therapeutic approaches are needed to regulate inflammation and control monocyte recruitment in acute respiratory distress syndrome (ARDS). Excessive monocyte influx into the alveolar space can exacerbate lung damage, worsening patient outcomes. Delaying or reducing monocyte recruitment into the alveoli space after the injury has been proposed as a strategy to balance the inflammatory response and mitigate lung damage. In the present study, we assessed the possible role of the CCL2-CCR2 axis as a therapy for controlling acute lung injury after the initial neutrophil-driven influx. We administered a CCL2-antibody (CCL2-Ab) or a CCR2-antagonist (CCR2-Ant) locally into the lung following lung injury induced by HCl/LPS instillation. Our results show that after 24 h, both treatments transiently reduced monocyte infiltration into the bronchoalveolar space. After 72 h, neither CCL2-Ab nor CCR2-Ant sustained a reduced monocyte infiltration or significantly alleviated alveolar or lung inflammation. CCR2-Ant prevented an increase of alveolar permeability, but neither of both treatments, CCL2-Ab nor CCR2-Ant, improved lung damage or function. Our findings indicate that blocking the CCL2-CCR2 axis to control monocyte trafficking at early stages of lung injury is insufficient to control inflammation or prevent disease progression. These results highlight the complexity of ARDS pathophysiology and suggest that alternative strategies may be required to effectively modulate monocyte-driven lung inflammation.</subfield>
   </datafield>
   <datafield tag="653" ind2=" " ind1=" ">
      <subfield code="a">Acute lung injury</subfield>
   </datafield>
   <datafield tag="653" ind2=" " ind1=" ">
      <subfield code="a">Macrophages</subfield>
   </datafield>
   <datafield tag="653" ind2=" " ind1=" ">
      <subfield code="a">Monocytes</subfield>
   </datafield>
   <datafield tag="653" ind2=" " ind1=" ">
      <subfield code="a">Cell recruitment</subfield>
   </datafield>
   <datafield tag="653" ind2=" " ind1=" ">
      <subfield code="a">Acute respiratory distress syndrome</subfield>
   </datafield>
   <datafield tag="653" ind2=" " ind1=" ">
      <subfield code="a">Inflammation</subfield>
   </datafield>
   <datafield tag="653" ind2=" " ind1=" ">
      <subfield code="a">Acute inflammation</subfield>
   </datafield>
   <datafield tag="653" ind2=" " ind1=" ">
      <subfield code="a">Preclinical research</subfield>
   </datafield>
   <datafield ind2="0" ind1="0" tag="245">
      <subfield code="a">Pharmacological inhibition of the CCL2-CCR2 axis fails to reduce inflammation in a rat model of acute lung injury</subfield>
   </datafield>
</record></metadata></record></GetRecord></OAI-PMH>